Govt. of
Madhya Pradesh

History Of Science , Philosophy And Culture In Indian Civilization India And China: Twenty Centuries Of Civilizational Int (Record no. 14669)

MARC details
000 -LEADER
fixed length control field 006550000a22001930004500
001 - CONTROL NUMBER
control field 002760
003 - CONTROL NUMBER IDENTIFIER
control field MACL
005 - DATE AND TIME OF LATEST TRANSACTION
control field 20150716150217.0
008 - FIXED-LENGTH DATA ELEMENTS--GENERAL INFORMATION
fixed length control field 150716b xxu||||| |||| 00| 0 eng d
040 ## - CATALOGING SOURCE
Original cataloging agency MACL
Transcribing agency MACL
041 ## - LANGUAGE CODE
Language code of text/sound track or separate title English
082 ## - DEWEY DECIMAL CLASSIFICATION NUMBER
Classification number 327/CHU
100 ## - MAIN ENTRY--PERSONAL NAME
Personal name Chattopadhyaya, D.P
9 (RLIN) 1597
245 ## - TITLE STATEMENT
Title History Of Science , Philosophy And Culture In Indian Civilization India And China: Twenty Centuries Of Civilizational Int
Remainder of title Vol III Part 6
Statement of responsibility, etc. D.P Chattopadhyaya
260 ## - PUBLICATION, DISTRIBUTION, ETC. (IMPRINT)
Place of publication, distribution, etc. New Delhi
Date of publication, distribution, etc. 2005
Name of publisher, distributor, etc. Project Of History Of Indian Science, Philosophy And Cultuer,
350 ## - PRICE (NR) (BK AM CF MU VM SE) [OBSOLETE]
Price 2150
650 ## - SUBJECT ADDED ENTRY--TOPICAL TERM
Topical term or geographic name as entry element International Relation
9 (RLIN) 915
942 ## - ADDED ENTRY ELEMENTS (KOHA)
Call number prefix 327
Koha item type Books
Source of classification or shelving scheme
Holdings
Withdrawn status Lost status Source of classification or shelving scheme Damaged status Not for loan Home library Current library Date acquired Cost, normal purchase price Total Checkouts Full call number Barcode Date last seen Date last checked out Uniform Resource Identifier Price effective from Koha item type
          MACL MACL 15/04/2015 2150.00 1 327/CHU CRE018361 02/05/2024 02/12/2018 14555 15/04/2015 Books